| 000 | 01191nam a22002657a 4500 | ||
|---|---|---|---|
| 005 | 20240305165457.0 | ||
| 007 | cr|||| |||| | ||
| 008 | 171121s2010 mx |||||s|||| 00||0 spa d | ||
| 020 | _a978-607-401-276-7 | ||
| 035 | _a20813 | ||
| 040 | _avLex | ||
| 090 |
_c7205 _d7205 |
||
| 100 | 1 | _aGimate-Welsh, Adrián S. | |
| 245 | 1 | 0 |
_aRepresentación y deliberación en la LVIII Legislatura _h[Recurso electrónico] / _cAdrián S. Gimate-Welsh |
| 256 | _aServicio en línea | ||
| 260 |
_aCiudad de México: _bCámara de Diputados, _c2010 |
||
| 300 | _a1 recurso en línea (384p.) | ||
| 500 | _aA propósito de la Ley de Derechos y Cultura Indígenas. | ||
| 506 | 1 |
_aDisponible solo en los productos indicados _dvLex Global _dvLex Global (Academic Edition, excluding Law Schools) _dvLex Global (U.S. Academic Edition, Law Schools) _dvLex Global (U.S. Academic Edition, excluding Law Schools) _dvLex Global (Academic Edition, Law Schools) |
|
| 650 | 0 | 4 |
_aDerecho Constitucional _zMéxico |
| 650 | 0 | 4 |
_aCiencias sociales _zMéxico |
| 740 | 0 | _avLex Libros (Servicio en línea) | |
| 856 | 4 | 0 | _uhttps://app.vlex.com/#/sources/representacion-deliberacion-lviii-legislatura-20813 |
| 942 | _cRAA | ||
| 999 |
_c165445 _d165445 |
||